Los días azules / (Registro nro. 29745)
[ vista simple ]
| 000 -LEADER | |
|---|---|
| fixed length control field | 01238nam a22002297a 4500 |
| 003 - CONTROL NUMBER IDENTIFIER | |
| control field | OSt |
| 005 - DATE AND TIME OF LATEST TRANSACTION | |
| control field | 20250505113401.0 |
| 008 - FIXED-LENGTH DATA ELEMENTS--GENERAL INFORMATION | |
| fixed length control field | 220913s2013 ck ||||gr|||| 00| f spa d |
| 020 ## - INTERNATIONAL STANDARD BOOK NUMBER | |
| International Standard Book Number | 9789584233141 |
| 040 ## - CATALOGING SOURCE | |
| Original cataloging agency | CO-JMCR |
| Language of cataloging | spa |
| Transcribing agency | CO-JMCR |
| 041 0# - LANGUAGE CODE | |
| Language code of text/sound track or separate title | spa |
| 082 04 - DEWEY DECIMAL CLASSIFICATION NUMBER | |
| Classification number | A-N |
| Item number | VALd |
| 100 1# - MAIN ENTRY--PERSONAL NAME | |
| Personal name | Vallejo, Fernando, |
| Relator term | autor |
| 9 (RLIN) | 8239 |
| 245 14 - TITLE STATEMENT | |
| Title | Los días azules / |
| Statement of responsibility, etc. | Fernando Vallejo |
| 250 ## - EDITION STATEMENT | |
| Edition statement | Primera edición |
| 260 ## - PUBLICATION, DISTRIBUTION, ETC. | |
| Place of publication, distribution, etc. | Bogotá : |
| Name of publisher, distributor, etc. | Alfaguara, |
| Date of publication, distribution, etc. | 2013 |
| 300 ## - PHYSICAL DESCRIPTION | |
| Extent | 188 páginas ; |
| Dimensions | 20 cm |
| 490 0# - SERIES STATEMENT | |
| Series statement | Grandes éxitos |
| 520 3# - SUMMARY, ETC. | |
| Summary, etc. | "Una curva, otra, otra y entonces lo vi: una explosión seca de azul. No era un azul claro, no era un azul fuerte: era simplemente el azul. Un cuadrado de azul rotundo en la plenitud de la tarde. Se me saltaba el corazón".<br/>Es la visión del mar en los días azules, el libro inocente de Fernando Vallejo, el del paraíso perdido de su infancia transcurrida en el seno de una familia de locos donde reinaba la esperanza y no se conocía la desgracia.<br/>La remembranza de una Antioquia idílica de ríos torrentosos y charcos de quebradas donde se bañaban los niños, que la noche de navidad explotaba en fuegos de artificio. |
| 650 14 - SUBJECT ADDED ENTRY--TOPICAL TERM | |
| Topical term or geographic name entry element | Novela colombiana |
| Chronological subdivision | Siglo XXI |
| 9 (RLIN) | 10010 |
| 942 ## - ADDED ENTRY ELEMENTS (KOHA) | |
| Source of classification or shelving scheme | Dewey Decimal Classification |
| Koha item type | Books |
| Withdrawn status | Lost status | Source of classification or shelving scheme | Damaged status | Not for loan | Home library | Current library | Shelving location | Date acquired | Total Checkouts | Total Renewals | Full call number | Barcode | Date last seen | Date last checked out | Copy number | Price effective from | Koha item type |
|---|---|---|---|---|---|---|---|---|---|---|---|---|---|---|---|---|---|
| Dewey Decimal Classification | Biblioteca Pública José María del Castillo y Rada | Biblioteca Pública José María del Castillo y Rada | Fiction | 02/24/2022 | 3 | 1 | A-N VALd | 201811166 | 07/17/2023 | 07/17/2023 | Ej.1 | 09/13/2022 | Books |